Aku sepohon pokok balak
| Main Author: | |
|---|---|
| Format: | Book |
| Published: |
Seremban :
Pustaka Cahaya Ilmu ,
2020
|
| Series: | Siri karangan autobiografi
|
| Subjects: |
MARC
| LEADER | 00000cam a2200000 7i4500 | ||
|---|---|---|---|
| 001 | 0000278290 | ||
| 005 | 20210121093754.0 | ||
| 020 | |a 9789670961668 | ||
| 090 | 0 | 0 | |a JF |b SIT |
| 100 | 0 | |a Siti Rusilawati Yusof | |
| 245 | 1 | 0 | |a Aku sepohon pokok balak |c Siti Rusilawati Yusof |
| 260 | |a Seremban : |b Pustaka Cahaya Ilmu , |c 2020 | ||
| 300 | |a 34p. : |b ill. ; |c 26cm. | ||
| 490 | 0 | |a Siri karangan autobiografi | |
| 650 | 0 | |a Children's stories, Malay | |
| 999 | |a 00377381 |b BUKU |c PINJAMAN |e PERPUSTAKAAN KOMUNITI CAW KOTA DAMANSARA | ||